[Event "Nordisk Mesterskab Ungdom U13 2026"]
[Site "Fredericia"]
[Date "2026.02.14"]
[Round "4.3"]
[White "Maurstad, Astor Moe"]
[Black "Torres, Lucas"]
[Result "1-0"]
[WhiteElo "1983"]
[BlackElo "1969"]
[WhiteFideId "1576640"]
[BlackFideId "1769464"]
[EventDate "2026.02.1"]
[EventType "swiss"]
[EventRounds "6"]
[EventCountry "DEN"]
[SourceTitle "Live v. Fredericia Chess Club"]

1. d4 Nf6 2. c4 d6 3. Nc3 e5 4. Nf3 Nbd7 5. e4 Be7 6. Be2 O-O 7. O-O c6 8. h3 a6 9. Be3 b5 10. a3 Bb7 11. Qc2 Rc8 12. Rfd1 Qc7 13. Rac1 Rfe8 14. Qb1 Qb8 15. cxb5 cxb5 16. d5 Bd8 17. a4 b4 18. Na2 Ba5 19. Nd2 Nc5 20. b3 Qc7 21. f3 Nfd7 22. Nc4 Rb8 23. Kh1 Bc8 24. Bd2 f5 25. Nxa5 Qxa5 26. Rc4 Qd8 27. Rxb4 Rxb4 28. Bxb4 Qb6 29. a5 Qb7 30. Bxc5 dxc5 31. exf5 Nf6 32. Bd3 Qc7 33. b4 c4 34. Rc1 Qd6 35. Be4 Bb7 36. Rxc4 Bxd5 37. Qd3 Rd8 38. Bxd5+ Nxd5 39. Nc3 Ne7 40. Qxd6 Rxd6 41. g4 g6 42. Rc7 Kf8 43. Ne4 Rd1+ 44. Kg2 gxf5 45. Nc5 fxg4 46. fxg4 Rd6 47. Ra7 Nd5 48. Rxa6 Ke7 49. Ra7+ Ke8 50. b5 Ne7 51. a6 Rd5 52. Rxe7+ Kxe7 53. a7 Rxc5 54. a8=Q Rxb5 55. Qa7+ Kf8 56. Qxh7 Rb2+ 57. Kg3 Rb3+ 58. Kh4 e4 59. Qxe4 Kg7 60. Qe5+ Kh7 61. Qe7+ 1-0

[Event "Nordisk Mesterskab Ungdom U13 2026"]
[Site "Fredericia"]
[Date "2026.02.14"]
[Round "4.4"]
[White "Blikom, Theo"]
[Black "Lutzen, David"]
[Result "1/2-1/2"]
[WhiteElo "1761"]
[BlackElo "1602"]
[WhiteFideId "1578065"]
[BlackFideId "7205929"]
[EventDate "2026.02.1"]
[EventType "swiss"]
[EventRounds "6"]
[EventCountry "DEN"]
[SourceTitle "Live v. Fredericia Chess Club"]

1. d4 f5 2. c4 g6 3. Nf3 Nf6 4. Bf4 Bg7 5. e3 O-O 6. Be2 d6 7. h3 Qe8 8. Nc3 c6 9. O-O Nbd7 10. Bh2 h6 11. Qc2 Nh7 12. Kh1 e5 13. Na4 g5 14. dxe5 dxe5 15. Nd2 h5 16. f3 Ndf6 17. Bd3 b6 18. Rae1 c5 19. Nc3 Qe6 20. Ne2 h4 21. e4 f4 22. Nc3 Ne8 23. Nd5 Nhf6 24. Rb1 Nxd5 25. exd5 Qe7 26. Ne4 Bf5 27. a3 Bxe4 28. Bxe4 Nd6 29. Rfc1 Rfc8 30. Qd3 a5 31. b3 Rab8 32. Bg1 Rd8 33. Rc2 Nxe4 34. Qxe4 Bf8 35. Qg6+ Qg7 36. Qxg7+ Kxg7 37. Bf2 Re8 38. b4 cxb4 39. axb4 Bxb4 40. c5 Bxc5 41. Bxc5 bxc5 42. Rxb8 Rxb8 43. Rxc5 a4 44. Ra5 Rd8 45. Rxa4 Rxd5 46. Kg1 Rd4 47. Ra6 e4 48. fxe4 Rxe4 49. Kf2 Re3 1/2-1/2

[Event "Nordisk Mesterskab Ungdom U13 2026"]
[Site "Fredericia"]
[Date "2026.02.14"]
[Round "4.5"]
[White "Hallmundarson, Birkir"]
[Black "Larsen, Jonas Bogh"]
[Result "1-0"]
[WhiteElo "1914"]
[BlackElo "1826"]
[WhiteFideId "2319446"]
[BlackFideId "1477552"]
[EventDate "2026.02.1"]
[EventType "swiss"]
[EventRounds "6"]
[EventCountry "DEN"]
[SourceTitle "Live v. Fredericia Chess Club"]

1. Nf3 c5 2. c4 g6 3. Nc3 Bg7 4. g3 Nc6 5. Bg2 d6 6. O-O e5 7. a3 Nge7 8. Rb1 a5 9. Ne1 O-O 10. Nc2 Be6 11. Ne3 Rb8 12. Ned5 f5 13. d3 h6 14. b4 axb4 15. axb4 b6 16. b5 Na5 17. Ra1 Kh7 18. Bd2 f4 19. Nxe7 Qxe7 20. Nd5 Bxd5 21. Bxd5 h5 22. Bxa5 bxa5 23. Rxa5 h4 24. e3 fxg3 25. fxg3 hxg3 26. hxg3 Rxf1+ 27. Qxf1 Qg5 28. Qe1 Qd8 29. Kg2 Qg5 30. Ra6 Qe7 31. b6 Rb7 32. Qh1+ Bh6 33. Qh4 Qg7 34. Qe4 Rd7 35. b7 Rd8 36. Rxd6 1-0

[Event "Nordisk Mesterskab Ungdom U13 2026"]
[Site "Fredericia"]
[Date "2026.02.14"]
[Round "4.6"]
[White "Jorgensen, Baldur Bjarnason"]
[Black "Nyberg, Max"]
[Result "1-0"]
[WhiteElo "1712"]
[BlackElo "1532"]
[WhiteFideId "7205317"]
[BlackFideId "520985"]
[EventDate "2026.02.1"]
[EventType "swiss"]
[EventRounds "6"]
[EventCountry "DEN"]
[SourceTitle "Live v. Fredericia Chess Club"]

1. d4 Nf6 2. c4 g6 3. Nf3 Bg7 4. Nc3 d5 5. cxd5 Nxd5 6. e4 Nxc3 7. bxc3 Bg4 8. Be2 c5 9. Be3 Nc6 10. Qa4 O-O 11. Rd1 Qc7 12. O-O Rfd8 13. h3 Bxf3 14. Bxf3 a6 15. Qc4 cxd4 16. cxd4 Rac8 17. d5 Nd4 18. Qxc7 Nxf3+ 19. gxf3 Rxc7 20. Bb6 Rcd7 21. Bxd8 Rxd8 22. Rc1 Be5 23. Rc4 Bf4 24. Rb1 Rb8 25. Rb2 Kg7 26. Rbc2 Rd8 27. Rc8 Rd7 28. Kg2 g5 29. Rb2 b5 30. Rc6 Ra7 31. Rb3 Bd6 32. Re3 f6 33. Rb3 b4 34. Rb1 a5 35. Rc2 h5 36. Rc8 h4 37. Kf1 a4 38. Rc6 b3 39. axb3 a3 40. Ra1 Rb7 41. Rxd6 exd6 42. Rxa3 Kf7 43. Ke2 Ke7 44. f4 Rb4 45. Ra7+ Ke8 46. fxg5 fxg5 47. Kf3 Rxb3+ 48. Kg4 Rc3 49. Rg7 Rc4 50. f3 Rc3 51. Rxg5 Kf7 52. Rf5+ Kg6 53. Kxh4 Rc1 54. Rf4 Rf1 55. Rf8 Rb1 56. Re8 Rb6 57. Re6+ Kf7 58. Kg3 Kf8 59. e5 Rb7 60. Rxd6 Re7 61. e6 Rg7+ 62. Kf4 Rg6 63. e7+ Kxe7 64. Rxg6 Kd7 65. d6 Kc6 66. Ke5 Kd7 67. Rg7+ Kc6 68. d7 Kc7 69. Ke6 Kc6 70. d8=Q Kc5 71. Rc7+ Kb6 72. Qb8+ Ka5 73. Ra7# 1-0

[Event "Nordisk Mesterskab Ungdom U13 2026"]
[Site "Fredericia"]
[Date "2026.02.15"]
[Round "5.1"]
[White "Maurstad, Astor Moe"]
[Black "Zhang, Yiming"]
[Result "1-0"]
[WhiteElo "1983"]
[BlackElo "2070"]
[WhiteFideId "1576640"]
[BlackFideId "520543"]
[EventDate "2026.02.1"]
[EventType "swiss"]
[EventRounds "6"]
[EventCountry "DEN"]
[SourceTitle "Live v. Fredericia Chess Club"]

1. c4 e6 2. Nc3 d5 3. d4 Nf6 4. cxd5 exd5 5. Bg5 c6 6. e3 h6 7. Bh4 Be7 8. Bd3 O-O 9. Nge2 Nbd7 10. O-O Re8 11. a4 a5 12. f3 Nf8 13. Kh1 Ne6 14. Bf2 b6 15. e4 Bb7 16. e5 Nd7 17. Bc2 c5 18. Qd3 Ndf8 19. f4 Ba6 20. Nb5 Bxb5 21. axb5 cxd4 22. Bxd4 Bc5 23. Rad1 Rc8 24. Bb3 Bxd4 25. Nxd4 Nc5 26. Qf3 Nxb3 27. Qxb3 Rc4 28. Nf5 Ne6 29. Nd6 Rb4 30. Qxd5 Re7 31. Qd2 Nd4 32. Qf2 Ne6 33. f5 Rf4 34. Qg3 Rxf1+ 35. Rxf1 Ng5 36. h4 f6 37. hxg5 hxg5 38. e6 g6 39. fxg6 Rxe6 40. Qh3 Re7 41. Nf7 Rxf7 42. gxf7+ Kxf7 43. Qh7+ Ke6 44. Re1+ Kd6 45. Rd1+ 1-0

[Event "Nordisk Mesterskab Ungdom U13 2026"]
[Site "Fredericia"]
[Date "2026.02.15"]
[Round "5.2"]
[White "Mikkelsen, Anders Askjaer"]
[Black "Leosson, Haukur Vidis"]
[Result "1-0"]
[WhiteElo "2049"]
[BlackElo "1893"]
[WhiteFideId "1477765"]
[BlackFideId "2325780"]
[EventDate "2026.02.1"]
[EventType "swiss"]
[EventRounds "6"]
[EventCountry "DEN"]
[SourceTitle "Live v. Fredericia Chess Club"]

1. e4 e6 2. d4 d5 3. Nc3 Nf6 4. e5 Nfd7 5. f4 c5 6. Nf3 Nc6 7. Be3 Qb6 8. Qd2 Qxb2 9. Rb1 Qa3 10. Bb5 Qa5 11. O-O a6 12. Bxc6 bxc6 13. Nxd5 Qd8 14. Nc3 cxd4 15. Nxd4 c5 16. Nf3 Qc7 17. Ng5 Nb6 18. Qd3 Bb7 19. f5 Rd8 20. Qe2 h6 21. fxe6 hxg5 22. exf7+ Kd7 23. Qg4+ Kc6 24. Qe4+ Kd7 25. Qf5+ Kc6 26. Qe6+ Bd6 27. Rfd1 Bc8 28. Qg6 Nc4 29. Qe4+ 1-0

[Event "Nordisk Mesterskab Ungdom U13 2026"]
[Site "Fredericia"]
[Date "2026.02.15"]
[Round "5.3"]
[White "Torres, Lucas"]
[Black "Dahlin, Emil 2013"]
[Result "1-0"]
[WhiteElo "1969"]
[BlackElo "1760"]
[WhiteFideId "1769464"]
[BlackFideId "1771035"]
[EventDate "2026.02.1"]
[EventType "swiss"]
[EventRounds "6"]
[EventCountry "DEN"]
[SourceTitle "Live v. Fredericia Chess Club"]

1. e4 c6 2. d4 d5 3. exd5 cxd5 4. Bd3 Nf6 5. h3 g6 6. Nf3 Bf5 7. Bxf5 gxf5 8. O-O Nc6 9. Bf4 e6 10. c3 Rg8 11. Re1 Ne4 12. Nbd2 Bd6 13. Bxd6 Nxd6 14. Qe2 Qf6 15. Kh1 Rc8 16. Rac1 Kf8 17. Rg1 a6 18. Ne5 Rc7 19. Ndf3 Na5 20. b3 Qe7 21. Nd3 Ne4 22. Qe1 Nc6 23. Nde5 Nxe5 24. Nxe5 f6 25. Nf3 Kf7 26. c4 Rgc8 27. Qe2 b5 28. c5 Rc6 29. b4 Rg8 30. Nd2 Nxd2 31. Qxd2 Rg6 32. Qf4 Qc7 33. Qf3 Kf8 34. Rce1 Kf7 35. Re3 Qd7 36. Rge1 Rg8 37. Qh5+ Kg7 38. Rg3+ Kh8 39. Rxg8+ Kxg8 40. Re3 Rc7 41. Qh6 Qf7 42. Qf4 Qe7 43. Ra3 Rc6 44. Rg3+ Kf7 45. Qb8 1-0

[Event "Nordisk Mesterskab Ungdom U13 2026"]
[Site "Fredericia"]
[Date "2026.02.15"]
[Round "5.4"]
[White "Larsen, Jonas Bogh"]
[Black "Blikom, Theo"]
[Result "0-1"]
[WhiteElo "1826"]
[BlackElo "1761"]
[WhiteFideId "1477552"]
[BlackFideId "1578065"]
[EventDate "2026.02.1"]
[EventType "swiss"]
[EventRounds "6"]
[EventCountry "DEN"]
[SourceTitle "Live v. Fredericia Chess Club"]

1. e4 c5 2. Nc3 e6 3. f4 d5 4. Nf3 dxe4 5. Nxe4 Nc6 6. Bb5 Bd7 7. d3 Nf6 8. O-O a6 9. Bxc6 Bxc6 10. Qe2 Qc7 11. b3 Nxe4 12. dxe4 Bd6 13. g3 O-O-O 14. Bd2 Kb8 15. Rfc1 f5 16. e5 Bxf3 17. exd6 Rxd6 18. Qf2 Qc6 19. Bc3 Rd7 20. Be5+ Ka8 21. Rf1 Be4 22. c4 Rhd8 23. Bc3 Rd3 24. Qb2 h5 25. Rf2 h4 26. Rd2 Rxd2 27. Bxd2 hxg3 28. hxg3 Rh8 29. Re1 Rh1+ 30. Kf2 Rh2+ 31. Ke3 Qd7 32. Qc3 Rg2 0-1

[Event "Nordisk Mesterskab Ungdom U13 2026"]
[Site "Fredericia"]
[Date "2026.02.15"]
[Round "5.5"]
[White "Nyberg, Max"]
[Black "Hallmundarson, Birkir"]
[Result "0-1"]
[WhiteElo "1532"]
[BlackElo "1914"]
[WhiteFideId "520985"]
[BlackFideId "2319446"]
[EventDate "2026.02.1"]
[EventType "swiss"]
[EventRounds "6"]
[EventCountry "DEN"]
[SourceTitle "Live v. Fredericia Chess Club"]

1. e4 c5 2. c3 Nf6 3. e5 Nd5 4. d4 cxd4 5. Nf3 Nc6 6. Bc4 Nb6 7. Bb3 d5 8. exd6 Qxd6 9. O-O e6 10. Na3 dxc3 11. Qe2 Qb8 12. Rd1 Bxa3 13. bxa3 O-O 14. g3 e5 15. Qe4 Nd7 16. Ng5 Nf6 17. Bxf7+ Rxf7 18. Qc4 Qc7 19. Nxf7 Qxf7 20. Qxc3 Nd4 21. Qb2 Bg4 22. Rd3 Qd5 23. Re3 Nf3+ 24. Rxf3 Qd1+ 25. Kg2 Qxf3+ 26. Kg1 Bh3 27. Qb3+ Qxb3 28. axb3 Rc8 29. Bg5 Rc3 30. Bxf6 gxf6 31. b4 Kf7 32. a4 Rb3 33. b5 Rb4 34. Kh1 e4 35. Kg1 Ke6 36. Kh1 Kf5 37. Kg1 Kg4 38. Kh1 h5 39. Kg1 h4 40. Kh1 f5 41. Kg1 Rb2 42. gxh4 Kxh4 43. Rc1 Kg4 44. Ra1 f4 45. Re1 Kf3 46. Ra1 Rxf2 47. Ra3+ e3 48. Ra1 Rf1+ 49. Rxf1+ Bxf1 50. Kxf1 e2+ 51. Ke1 Ke3 52. b6 f3 53. bxa7 f2# 0-1

[Event "Nordisk Mesterskab Ungdom U13 2026"]
[Site "Fredericia"]
[Date "2026.02.15"]
[Round "5.6"]
[White "Lutzen, David"]
[Black "Jorgensen, Baldur Bjarnason"]
[Result "1/2-1/2"]
[WhiteElo "1602"]
[BlackElo "1712"]
[WhiteFideId "7205929"]
[BlackFideId "7205317"]
[EventDate "2026.02.1"]
[EventType "swiss"]
[EventRounds "6"]
[EventCountry "DEN"]
[SourceTitle "Live v. Fredericia Chess Club"]

1. e4 c5 2. Nf3 d6 3. Bb5+ Bd7 4. Bxd7+ Qxd7 5. O-O Nf6 6. Qe2 Nc6 7. d3 e6 8. b3 Be7 9. Bb2 O-O 10. c4 Rfe8 11. Nc3 h6 12. h3 1/2-1/2

[Event "Nordisk Mesterskab Ungdom U13 2026"]
[Site "Fredericia"]
[Date "2026.02.15"]
[Round "6.1"]
[White "Zhang, Yiming"]
[Black "Mikkelsen, Anders Askjaer"]
[Result "1-0"]
[WhiteElo "2070"]
[BlackElo "2049"]
[WhiteFideId "520543"]
[BlackFideId "1477765"]
[EventDate "2026.02.1"]
[EventType "swiss"]
[EventRounds "6"]
[EventCountry "DEN"]
[SourceTitle "Live v. Fredericia Chess Club"]

1. e4 e6 2. d4 d5 3. Nd2 c5 4. Ngf3 Nc6 5. exd5 exd5 6. Bb5 Qe7+ 7. Be2 Nf6 8. O-O Qc7 9. Re1 cxd4 10. Bb5+ Be7 11. Qe2 a6 12. Bxc6+ bxc6 13. Nxd4 Ra7 14. c4 c5 15. N4b3 d4 16. Qe5 Be6 17. Qxc7 Rxc7 18. Ne4 Nxe4 19. Rxe4 Bxc4 20. Bf4 Rc8 21. Nxc5 Rxc5 22. Bd6 Kd7 23. Bxe7 Rd5 24. Bb4 Re8 25. Rxe8 Kxe8 26. Re1+ Kd8 27. b3 Bb5 28. f3 Bd7 29. Rd1 d3 30. Kf2 h5 31. Rd2 g5 32. Ke3 Bf5 33. h3 g4 34. fxg4 hxg4 35. h4 Bg6 36. Bc3 Ke7 37. Kf4 Bh5 38. g3 Ke6 39. Ke3 Bg6 40. Rf2 a5 41. Kd2 Ke7 42. Rf4 Ke6 43. Rxg4 Rf5 44. Re4+ Kd5 45. Rf4 Rxf4 46. gxf4 Ke4 47. Bxa5 Kxf4 48. a4 Ke5 49. Bc3+ Kd5 50. a5 Kc5 51. b4+ Kb5 52. Ke3 Ka6 53. Bd2 Kb5 54. Kf4 f5 55. Ke3 f4+ 56. Kxf4 Ka6 57. Kg5 Bf7 58. h5 Bd5 59. h6 Be4 60. Kf6 Kb5 61. Kg7 Ka6 62. h7 Bxh7 63. Kxh7 Kb5 64. Kg6 Ka6 65. Kf5 Kb5 66. Ke4 Ka6 67. Kxd3 Kb5 68. Kd4 Kc6 69. Kc4 Kc7 70. Kc5 Kb7 71. b5 Ka7 72. Kc6 Kb8 73. b6 Ka8 74. b7+ Kb8 75. Bf4+ 1-0

[Event "Nordisk Mesterskab Ungdom U13 2026"]
[Site "Fredericia"]
[Date "2026.02.15"]
[Round "6.2"]
[White "Blikom, Theo"]
[Black "Maurstad, Astor Moe"]
[Result "1-0"]
[WhiteElo "1761"]
[BlackElo "1983"]
[WhiteFideId "1578065"]
[BlackFideId "1576640"]
[EventDate "2026.02.1"]
[EventType "swiss"]
[EventRounds "6"]
[EventCountry "DEN"]
[SourceTitle "Live v. Fredericia Chess Club"]

1. e4 c5 2. c4 Nc6 3. Ne2 Nf6 4. Nbc3 e6 5. g3 d5 6. cxd5 exd5 7. exd5 Nxd5 8. Bg2 Nxc3 9. bxc3 Bg4 10. O-O Be7 11. Re1 O-O 12. h3 Bf5 13. d4 cxd4 14. Nxd4 Nxd4 15. cxd4 Bf6 16. Qb3 Bxd4 17. Bb2 Bb6 18. Rad1 Qg5 19. Rd5 Rae8 20. Be4 Qg6 21. Rxf5 Rxe4 22. Rxe4 Qxf5 23. Rf4 Qxh3 24. Ba3 Qd7 25. Bxf8 Kxf8 26. Qc2 Qh3 27. Qd3 g6 28. Qc3 Kg8 29. Rc4 Qd7 30. Rc8+ Bd8 31. Rb8 Qd1+ 32. Kg2 Kf8 33. Qh8+ Ke7 34. Rxb7+ Ke6 35. Qe8+ Kf5 36. Qxf7+ Ke5 37. Rd7 Qb1 38. Rd5+ Ke4 39. Qf3# 1-0

[Event "Nordisk Mesterskab Ungdom U13 2026"]
[Site "Fredericia"]
[Date "2026.02.15"]
[Round "6.3"]
[White "Hallmundarson, Birkir"]
[Black "Torres, Lucas"]
[Result "1/2-1/2"]
[WhiteElo "1914"]
[BlackElo "1969"]
[WhiteFideId "2319446"]
[BlackFideId "1769464"]
[EventDate "2026.02.1"]
[EventType "swiss"]
[EventRounds "6"]
[EventCountry "DEN"]
[SourceTitle "Live v. Fredericia Chess Club"]

1. d4 Nf6 2. c4 d6 3. Nc3 e5 4. Nf3 Nbd7 5. e4 Be7 6. Be2 O-O 7. O-O c6 8. Qc2 a6 9. h3 b5 10. d5 cxd5 11. cxd5 Bb7 12. Be3 Qb8 13. b4 Rc8 14. Rac1 Bd8 15. Nh4 Bxd5 16. exd5 Nxd5 17. Qd2 Nxe3 18. Qxe3 Bxh4 19. Bg4 Ra7 20. Nd5 Re8 21. Rc6 Nf6 22. Nxf6+ Bxf6 23. Rd1 Rd8 24. Rdc1 Qb7 25. Rc8 Ra8 26. R1c7 Qd5 27. Bf3 e4 28. Rxa8 Rxa8 29. Bxe4 Qd1+ 30. Kh2 Rd8 31. Bc2 Qa1 32. Qd3 Qe5+ 33. g3 g6 34. Rc6 Qe1 35. Qf3 Bd4 36. Kg2 Qe7 37. Rxa6 Be5 38. Rb6 Qd7 39. Rb7 Qe8 40. Bb3 Rd7 41. Rxb5 Rc7 42. Ra5 Kg7 43. b5 Rc3 44. Qb7 Bd4 45. b6 Bxf2 46. Qxf7+ Qxf7 47. Bxf7 Bxb6 48. Rb5 Bc5 49. Bb3 h5 50. Rb7+ Kh6 51. h4 g5 52. hxg5+ Kxg5 53. Rg7+ Kf6 54. Rf7+ Kg6 55. Rd7 Re3 56. Kh3 Kg5 57. Rg7+ Kf6 58. Rh7 Kg6 59. Rh8 Re5 60. Rg8+ Kh6 61. Bc2 Rg5 62. Rh8+ Kg7 63. Rh7+ Kg8 64. Kg2 Re5 65. Kh3 Re2 66. Bg6 Rxa2 67. Rxh5 Ra1 68. Kg4 Bd4 69. Kf5 Ra5+ 70. Ke6 Rxh5 1/2-1/2

[Event "Nordisk Mesterskab Ungdom U13 2026"]
[Site "Fredericia"]
[Date "2026.02.15"]
[Round "6.4"]
[White "Leosson, Haukur Vidis"]
[Black "Dahlin, Emil 2013"]
[Result "1-0"]
[WhiteElo "1893"]
[BlackElo "1760"]
[WhiteFideId "2325780"]
[BlackFideId "1771035"]
[EventDate "2026.02.1"]
[EventType "swiss"]
[EventRounds "6"]
[EventCountry "DEN"]
[SourceTitle "Live v. Fredericia Chess Club"]

1. e4 c6 2. Nf3 d5 3. d3 dxe4 4. dxe4 Qxd1+ 5. Kxd1 Bg4 6. Be2 Nd7 7. Ne1 Bxe2+ 8. Kxe2 e5 9. Nd3 Ngf6 10. f3 O-O-O 11. Be3 Bd6 12. a4 a5 13. Nd2 Rhe8 14. Nc4 Bc7 15. Rhb1 Re6 16. Ra2 Ne8 17. b4 Nd6 18. Nxd6+ Rxd6 19. Rab2 b6 20. bxa5 bxa5 21. Kf2 c5 22. Nxc5 Nxc5 23. Bxc5 Rd1 24. Be3 R8d6 25. Ke2 Rxb1 26. Rxb1 g6 27. g4 f5 28. gxf5 gxf5 29. exf5 Rf6 30. c4 Rxf5 31. h4 Bd8 32. Rb5 Rh5 33. Kd3 Bc7 34. f4 Rxh4 35. fxe5 Rg4 36. e6 Kd8 37. Rd5+ Ke8 38. Rd7 Bg3 39. Rxh7 Rg6 40. Ra7 Rxe6 41. Rxa5 Kd7 42. Ra7+ Kc8 43. Rg7 Be1 44. Bf4 Ra6 45. Re7 Bb4 46. Re8+ Kd7 47. Rb8 Be1 48. Rb7+ Kd8 49. a5 1-0

[Event "Nordisk Mesterskab Ungdom U13 2026"]
[Site "Fredericia"]
[Date "2026.02.15"]
[Round "6.5"]
[White "Nyberg, Max"]
[Black "Lutzen, David"]
[Result "0-1"]
[WhiteElo "1532"]
[BlackElo "1602"]
[WhiteFideId "520985"]
[BlackFideId "7205929"]
[EventDate "2026.02.1"]
[EventType "swiss"]
[EventRounds "6"]
[EventCountry "DEN"]
[SourceTitle "Live v. Fredericia Chess Club"]

1. e4 e5 2. Nf3 Nc6 3. Bb5 Nf6 4. O-O Nxe4 5. Re1 Nd6 6. Nxe5 Nxe5 7. Rxe5+ Be7 8. Bf1 O-O 9. d4 Bf6 10. Re1 Ne8 11. c4 d5 12. Be3 c6 13. Nc3 Nc7 14. Qd2 Bf5 15. Rac1 Re8 16. cxd5 Nxd5 17. Nxd5 Qxd5 18. Rc5 Qd7 19. d5 Be4 20. Bc4 Be7 21. Ra5 b6 22. Bxb6 Qg4 23. Rxe4 Qxe4 24. Bd3 Bb4 25. Qd1 Qe1+ 26. Qxe1 Rxe1+ 27. Bf1 Bxa5 28. Bxa5 Rxf1+ 29. Kxf1 cxd5 30. Ke2 f6 31. f4 Kf7 32. f5 Re8+ 33. Kd3 Re4 34. h3 Ke7 35. a3 Kd6 36. Bc3 Rf4 37. g4 Rf3+ 38. Kd4 Rxh3 39. Bb4+ Kc6 40. Be1 h5 41. gxh5 Rxh5 42. b4 Rxf5 43. Bd2 Re5 44. a4 a6 45. a5 Re4+ 46. Kd3 Kb5 47. Bc3 Rxb4 48. Bxb4 Kxb4 49. Kc2 Kxa5 50. Kb3 g5 51. Kc3 g4 52. Kd2 Kb4 53. Kc2 g3 54. Kd2 g2 55. Ke2 g1=Q 56. Kf3 Qe1 57. Kg2 Qe3 58. Kh1 Qe2 59. Kg1 d4 60. Kh1 d3 61. Kg1 d2 62. Kh1 d1=Q# 0-1

[Event "Nordisk Mesterskab Ungdom U13 2026"]
[Site "Fredericia"]
[Date "2026.02.15"]
[Round "6.6"]
[White "Jorgensen, Baldur Bjarnason"]
[Black "Larsen, Jonas Bogh"]
[Result "1-0"]
[WhiteElo "1712"]
[BlackElo "1826"]
[WhiteFideId "7205317"]
[BlackFideId "1477552"]
[EventDate "2026.02.1"]
[EventType "swiss"]
[EventRounds "6"]
[EventCountry "DEN"]
[SourceTitle "Live v. Fredericia Chess Club"]

1. d4 c5 2. d5 g6 3. Nf3 Bg7 4. c4 d6 5. e4 Bg4 6. h3 Bxf3 7. Qxf3 Nd7 8. Nc3 Ngf6 9. Bf4 O-O 10. Bd3 a6 11. O-O Rb8 12. a4 b6 13. Qe2 Qc7 14. Ra3 h6 15. Qd2 Kh7 16. Be3 Ne5 17. Be2 Rb7 18. f4 Ned7 19. Bd3 Rfb8 20. Qe2 Rf8 21. Raa1 Rbb8 22. Rf3 Rbe8 23. g4 Ng8 24. Qf2 Qc8 25. h4 e6 26. g5 h5 27. Rb1 Ne7 28. Re1 exd5 29. Nxd5 Nxd5 30. exd5 Re7 31. Kg2 Rfe8 32. Bd2 Bxb2 33. Rxe7 Rxe7 34. Qg3 Qe8 35. Re3 Bd4 36. Rxe7 Qxe7 37. Qf3 a5 38. Qxh5+ Kg7 39. Qf3 Nb8 40. f5 Qe8 41. f6+ Kg8 42. h5 Nd7 43. hxg6 fxg6 44. Be2 Ne5 45. Qe4 Qxa4 46. Bh5 Qe8 47. Bg4 a4 48. Be6+ Kf8 49. Qh4 Nf7 50. Qh7 Qd8 51. Qxf7# 1-0